000 00599nam a2200217 a 4500
001 000022186
005 20200930011624.0
008 100917s1960 sp 000 |bspa d
040 _aDO-SdBNP
_bspa
_cBNPHU
082 _axxx
_bT316s
100 1 _aTeresa de Jesús,
_cSanta
_d1515-1582
_915863
245 1 0 _aSu vida /
_cTeresa de Jesús.
250 _a5a ed.
260 _aMadrid :
_bEspasa-Calpe,
_c1960.
300 _ap. ;
_c18 cm.
490 _aAustral;
_v372
500 _aIncluye notas al pie de páginas
500 _aIncluye índice de autores
834 _aAustral;
_v372
049 _aBNGR
999 _c21684
_d21684